La tecnología y el empleo en un nuevo enfoque del desrrollo agropecuario.El caso argentino (Registro nro. 16329)
[ vista simple ]
| 000 -LEADER | |
|---|---|
| fixed length control field | 00419 a2200121 4500 |
| 001 - CONTROL NUMBER | |
| control field | ART_3327 |
| 005 - DATE AND TIME OF LATEST TRANSACTION | |
| control field | 20260410161714.0 |
| 008 - FIXED-LENGTH DATA ELEMENTS--GENERAL INFORMATION | |
| fixed length control field | 260409a |
| 100 1# - MAIN ENTRY--PERSONAL NAME | |
| Personal name | Forni, Floreal H. |
| 245 10 - TITLE STATEMENT | |
| Title | La tecnología y el empleo en un nuevo enfoque del desrrollo agropecuario.El caso argentino |
| 700 1# - ADDED ENTRY--PERSONAL NAME | |
| Personal name | Tort, María Isabel |
| 773 0# - HOST ITEM ENTRY | |
| Title | Desarrollo económico |
| Related parts | - Vol. 19, Nº 76 (ene./mar. 1980) |
| Record control number | REV1174 |
No hay ítems disponibles.